|
|
|
|
| LEADER |
02646nam a2200373 a 4500 |
| 001 |
16798364 |
| 003 |
BD-DhAAL |
| 008 |
110824s2011 enka b 001 0 eng d |
| 010 |
|
|
|a 2011411170
|
| 020 |
|
|
|a 1848854706
|
| 020 |
|
|
|a 9781848854703 (hbk.)
|
| 040 |
|
|
|a NLE
|c NLE
|d CDX
|d YDXCP
|d COO
|d BWX
|d CNAUC
|d IUL
|d VVC
|d UKM
|d BWK
|d LML
|d DLC
|d BD-DhAAL
|
| 082 |
0 |
4 |
|a 307.760954922
|2 22
|
| 100 |
1 |
|
|a Hossain, Shahadat.
|9 22001
|
| 245 |
1 |
0 |
|a Urban poverty in Bangladesh :
|b slum communities, migration and social integrations /
|c Shahadat Hossain.
|
| 260 |
|
|
|a London :
|b I.B. Tauris,
|c 2011.
|
| 300 |
|
|
|a xii, 252 pages :
|b illustrations ;
|c 22 cm
|
| 490 |
1 |
|
|a Library of development studies ;
|v 3
|
| 504 |
|
|
|a Includes bibliographical references (p. [215]-239) and index.
|
| 505 |
0 |
|
|a Overview of Dhaka City: its nature, growth and poverty -- Migration, poverty and marginality in urban contexts -- Theorizing urban poverty and marginality -- Features of urban poverty in Dhaka slums -- The social life of slum communities in Dhaka City -- Poor migrants and social integration into the city.
|
| 541 |
|
|
|e 00023368
|
| 650 |
|
0 |
|a Sociology, Urban
|z Bangladesh
|z Dhaka.
|9 22002
|
| 650 |
|
0 |
|a Poverty
|z Bangladesh
|z Dhaka.
|9 22003
|
| 651 |
|
0 |
|a Dhaka (Bangladesh)
|x Social conditions.
|9 22004
|
| 830 |
|
|
|a Library of development studies ;
|9 58947
|
| 852 |
1 |
|
|a Ayesha Abed Library
|c General shelf.
|
| 942 |
|
|
|2 ddc
|c BK
|
| 999 |
|
|
|c 11221
|d 11221
|
| 952 |
|
|
|0 0
|1 0
|4 0
|6 307_760954922000000_HOS
|7 0
|9 17923
|a BRACUL
|b BRACUL
|c GEN
|d 2011-08-25
|e Trim Education
|g 6450.00
|l 2
|m 2
|o 307.760954922 HOS
|p 3010023368
|r 2016-08-09
|s 2016-07-28
|t 1
|w 2011-08-25
|y BK
|x Available
|
| 952 |
|
|
|0 0
|1 0
|4 0
|6 307_760954922000000_HOS
|7 0
|9 17924
|a BRACUL
|b BRACUL
|c GEN
|d 2011-08-25
|e Trim Education
|g 6450.00
|l 2
|m 7
|o 307.760954922 HOS
|p 3010023369
|r 2012-12-26
|s 2012-11-29
|t 2
|w 2011-08-25
|y BK
|x Available
|
| 952 |
|
|
|0 0
|1 0
|4 0
|6 307_760954922000000_HOS
|7 0
|9 17925
|a BRACUL
|b BRACUL
|c GEN
|d 2011-08-25
|e Trim Education
|g 6450.00
|l 3
|m 1
|o 307.760954922 HOS
|p 3010023370
|r 2024-04-30
|s 2024-04-17
|t 3
|w 2011-08-25
|y BK
|x Available
|
| 952 |
|
|
|0 0
|1 0
|4 0
|6 307_760954922000000_HOS
|7 0
|9 17926
|a BRACUL
|b BRACUL
|c GEN
|d 2011-08-25
|e Trim Education
|g 6450.00
|l 0
|o 307.760954922 HOS
|p 3010023371
|r 2011-08-25
|t 4
|w 2011-08-25
|y BK
|x Available
|
| 952 |
|
|
|0 0
|1 0
|4 0
|6 307_760954922000000_HOS
|7 0
|9 17927
|a BRACUL
|b BRACUL
|c GEN
|d 2011-08-25
|e Trim Education
|g 6450.00
|l 1
|o 307.760954922 HOS
|p 3010023372
|r 2019-01-07
|s 2018-09-04
|t 5
|w 2011-08-25
|y BK
|x Available
|
| 952 |
|
|
|0 0
|1 0
|2 ddc
|4 0
|6 307_760954922000000_HOS
|7 0
|9 60986
|a BRACUL
|b BRACUL
|c GEN
|d 2017-07-31
|e Development Book Agency
|g 6321.00
|l 0
|o 307.760954922 HOS
|p 3010031989
|r 2017-07-31
|t 6
|v 6321.00
|w 2017-07-31
|y BK
|